000
00211 a2200097 4500
001
30461
100
_a
Kunz
245
_a
Write Me A Ream
260
_a
Columbia
_b
Teachers College Press
_c
090
_c
20404
_d
20404
942
_a
NUST-CAE
_c
_c
11564
999
_c
265534
_d
265534